Loading...
| Literature - World Literature | 2 | 3 | 0 | 0 | 60 | 41 | 83.40 | 1 | 3 |
| Fine Arts - Visual Fine Arts | 2 | 4 | 2 | 1 | 60 | 65 | 90.17 | 1 | 6 |
| Fine Arts - Other Fine Arts | 0 | 4 | 0 | 0 | 40 | 82 | 95.50 | 1 | 3 |
| Philosophy | 1 | 3 | 1 | 0 | 40 | 36 | 80.25 | 2 | 3 |
| Social Science | 1 | 1 | 0 | 0 | 25 | 44 | 77.50 | 1 | 2 |
| Science - Chemistry | 0 | 2 | 0 | 0 | 20 | 121 | 122.00 | 0 | 0 |
| Fine Arts - Auditory Fine Arts | 0 | 3 | 2 | 0 | 20 | 93 | 114.33 | 0 | 2 |
| Science - Other Science | 0 | 2 | 0 | 0 | 20 | 83 | 90.00 | 0 | 1 |
| Literature - European Literature | 0 | 2 | 0 | 0 | 20 | 97 | 109.50 | 0 | 1 |
| History - Other History | 1 | 0 | 0 | 0 | 15 | 58 | 58.00 | 1 | 1 |
| Literature - American Literature | 0 | 1 | 0 | 0 | 10 | 89 | 89.00 | 0 | 0 |
| History - American History | 0 | 1 | 0 | 0 | 10 | 88 | 88.00 | 0 | 1 |
| Religion | 0 | 1 | 0 | 0 | 10 | 84 | 84.00 | 1 | 1 |
| Science - Biology | 0 | 1 | 0 | 1 | 10 | 123 | 123.00 | 1 | 1 |
| Mythology | 0 | 1 | 0 | 0 | 10 | 91 | 91.00 | 0 | 0 |
| Literature - British Literature | 0 | 1 | 1 | 0 | 5 | 114 | 114.00 | 0 | 0 |
| Science - Physics | 0 | 1 | 1 | 0 | 5 | 80 | 80.00 | 0 | 0 |
| Pop Culture | 0 | 1 | 2 | 1 | 0 | 140 | 140.00 | 0 | 0 |
| History - European History | 0 | 0 | 1 | 0 | -5 | 0.00 | 0 | 0 |